00612nam a2200157 a 450000100100000000500170001000800410002702000150006804000250008310000280010824500880013626000720022430000360029695201050033299900170043700003848220201002031256.0130412s1992 dr ac 000 0 spa d a0871872544 aDO-SdBNPbspacBNPHU1 aAnaya Roa, Jorge96482813aEl congreso de los Estados Unidos : estructura y funcionamiento /cJorge Anaya Roa. aMéxico :bCongressional QuarterlybGrupo Noriega Editores,c1992. a248 p. :bil., retrs. ;c29 cm. 0010718PDaPDbPDcCTd2013-04-12iLF1l0o p38482-10r2020-06-25w2020-06-25yLFPDZNo se presta c37972d37972